Nomeie os 10 melhores seleções de futebol do mundo em 2024 - Statistics

Estatísticas Gerais
  • Esse quiz foi jogado 321 vezes
  • A pontuação média é 9 de 10
Estatísticas das Respostas
Hint Resposta % Correto
5 Brasil
100%
1 Argentina
99%
2 França
97%
8 Espanha
92%
7 Portugal
88%
3 Inglaterra
86%
4 Bélgica
81%
9 Itália
80%
10 Croácia
73%
6 Holanda
71%
Nenhum quiz correspondente encontrado
Distribuição das Pontuações
Porcentagem de Pessoas com Cada Pontuação
Percentil de Números Respondidos
Sua Pontuação Histórica
Você não jogou esse quiz